000 00627nam a22002057a 4500
003 OSt
005 20250704070032.0
008 250704b |||||||| |||| 00| 0 eng d
020 _a978-621-478-042-6
040 _aDWC - Main Lib
_cOC
082 _aFil. 613.2 V434n 2023
100 _aVelasquez, Marie A.
245 _aNutrition and diet theraphy/
_cVelasquez, Marie A.
260 _aManila, Philippines:
_bEDRIC Publishing House,
_cc2023.
300 _a151 pages:
_billustrations;
_c25 cm.
504 _aIncludes bibliographical references.
650 _a1. Diet
650 _a2. Nutrition
942 _2ddc
_cBK - FIL
_kFil.
_n0
999 _c3393
_d3393